000 01657nam0a2200349 4500
001 RU\NLR\BIBL_A\022702122
005 20260318155631.0
010 _a978-5-00240-206-9
_967
021 _aRU
_bКН-П-25-071819
_9КН-П-25-6956
035 _a(NLR Aleph) 022702122
090 _a13639283
_c13639283
100 _a20260116d2025 u y0rusy50 ca
101 0 _arus
102 _aRU
105 _aac z 000gy
181 0 _ai2
_baxxe
181 0 _ab2
_bab2e
182 0 _an
200 1 _aЭтюды бытия
_eизлияния души в катренах, рондо, сонетах и верлибрах
_fАфанасьев Анатолий Егорович
_g[иллюстрации Павла Бунина и Владимира Сушкова]
203 _aТекст
_aИзображение
_bвизуальные
_cнепосредственные
210 _aМосква
_cНаш круг
_cЭкоэнергосервис
_d2025
215 _a219 с.
_cил., портр.
_d22
320 _aДр. кн. авт.: с. 215
686 2 _aШ6(2=Р)8-53
700 1 _7ca
_8rus
_aАфанасьев
_bА. Е.
_cспециалист в обл. прикладной математики, писатель
_f1940-
_gАнатолий Егорович
_92676622
_3RU\NLR\AUTH\770284225
702 1 _4440
_7ca
_8rus
_aБунин
_bП. Л.
_cхудожник-иллюстратор
_f1927-2008
_gПавел Львович
_9175089
_3RU\NLR\AUTH\770175140
702 1 _aСушков
_bВ.
_gВладимир
_4440
942 _cBOOK
980 _aNB